000 03963nam a22002657a 4500
001 216216977
003 UA-OsUOA
005 20201117144134.0
008 200430b un ||||| m||| 00| 0 ukr d
040 _aUA-OsUOA
_bukr
_cUA-OsUOA
_dUA-OsUOA
041 _aukr
080 _a343.98:343.132
090 _a343.98:343.132
095 _a12.00.09
_bкримінальний процес та криміналістика; судова експертиза; оперативно-розшукова діяльність
100 _aДановська І. І.
245 _aКриміналістичне забезпечення слідчої діяльності в органах внутрішніх справ
_cДановська Ірина Ігорівна ; наук. керівник Іщенко Андрій Володимирович
260 _aКиїв
_c2012
300 _a16 с.
502 _6Автореферат дисертації на здобуття наукового ступеня кандидата юридичних наук
_cНаціональна академія внутрішніх справ
_d2012
520 _aДисертація присвячена комплексному науковому висвітленню теоретичних основ та особливостей практичної реалізації у сучасних умовах криміналістичного забезпечення слідчої діяльності в органах внутрішніх справ, визначенню його поняття, аналізу складових його механізму, структури, а також визначенню можливих шляхів його удосконалення за сучасних умов. У дисертації розглянуто становлення криміналістичного забезпечення як наукової категорії у понятійній системі науки криміналістики з визначенням передумов виникнення та початку наукової розробки, підходів до сучасного його розуміння, змісту, а також особливостей структурної побудови, мети і завдань. Розглянуті основні напрями криміналістичного забезпечення в ОВС та особливості практичної реалізації техніко-, тактико- та експертно-криміналістичного його спрямування. Особливу увагу в дисертації приділено окресленню кола критеріїв ефективності реалізації криміналістичного забезпечення на практиці, а також розробці рекомендацій щодо можливих шляхів удосконалення порядку використання науково-технічних засобів, методів та спеціальних знань під час розкриття та розслідування злочинів, тактико-криміналістичних прийомів та рекомендацій під час провадження окремих слідчих дій, удосконалення порядку експертно-криміналістичного забезпечення практичної діяльності працівників слідчих підрозділів.
650 _2UDC
_a343 Кримінальне право. Карні порушення
942 _2udc
_cAR
955 _a1
999 _c459056
_d459056